Responses for Show #3137 - Tuesday, March 31, 1998

Pat Healy game 1.

Contestants

[<< previous game]

Pat Healy, an index editor from Concord, California

Lisa Van Every, an office manager from Seattle, Washington

Bradley Goodwill, an actor from New York City, New York (whose 2-day cash winnings total $27,800)

[next game >>]

Jeopardy! Round responses

CAPTAINS COURAGEOUS
ANIMALS ON THE MAP
QUOTABLE POTENT POTABLES
POP MUSIC
"OOP"SY
DAISY
    $100 26
John Smith

Pat
    $100 19
Buffalo

Pat
    $100 1
wine, women, and song

Lisa
    $100 6
(Alex: ...by Elton John.)

"Candle In The Wind"

Lisa
    $100 11
a scoop

Lisa
    $100 16
petals

Pat
    $200 27
Vancouver

Lisa
    $200 22
Duck

Pat
    $200 2
a martini

Lisa
    $200 7
LeAnn Rimes

Lisa
    $200 12
a stoop

Bradley
    $200 17
Girl Scouts

Pat
    $300 28
Magellan

Bradley
    $300 23
a hump

Bradley
    $300 3
W.C. Fields

Bradley
    $500 8
(Alex: The lady knows her pop music.)

The Artist Formerly Known As Prince

Lisa
    $300 13
a party pooper

Lisa
    $300 18
push up daisies

Bradley
    $400 29
(Abel) Tasman

Bradley
    $400 24
Big Bear

Lisa
    $400 4
Billy Carter

Pat
    $400 9
Barbra Streisand

Pat
    $400 14
a troop

Pat
    $400 20
Driving Miss Daisy

Pat
    $500 30
(Lisa: Who is Benjaman Franklin?)
(Pat: Who is Thomas Jefferson?)
...
(Alex: We're talking about CAPTAINS COURAGEOUS, and the clue is a reference to [*].)

John Paul Jones

LisaPat
Triple Stumper
    $500 25
Snake River

Bradley
    $500 5
whiskey & rye

Bradley
    $500 10
Tom Petty

Pat
    $500 15
an alley-oop

Pat
    $500 21
Robert Burns

Bradley

Scores at the first commercial break (after clue 14):

Bradley Lisa Pat
$1,000 $1,500 $1,700

Scores at the end of the Jeopardy! Round:

Bradley Lisa Pat
$3,300 $1,600 $2,800

Double Jeopardy! Round responses

ARTISTS
AMERICAN LITERATURE
FAMOUS LATINOS
ODD WEIGHTS & MEASURES
THE SCREAM ACTORS GUILD
"BOO"!
    $200 13
Gauguin

Pat
    $200 7
Arthur Hailey

Pat
    $200 21
Jimmy Smits

Pat
    $200 26
(Pat: What is one thousand?)
(Bradley: What is a hundred?)

a million

BradleyPat
Triple Stumper
    $200 1
Elvira

Pat
    $200 6
a booster

Bradley
    $400 17
Michelangelo

Pat
    $400 8
The Sun Also Rises

Bradley
    $400 22
Oscar De La Hoya

Bradley
    $400 27
(Bradley: What is a bolt?)

a nail

BradleyPat
    $400 2
Jamie Lee Curtis

Pat
    $400 12
Boo Berry

Bradley
    $1,000 18
(Pat: Who is Grandma Moses?)
(Alex: Nope. You had the sex right. Who is [*]? [*]. I betcha if you had gotten another try at that, you'd have gotten it.)

Georgia O'Keeffe

Pat
    $600 9
All the King's Men

Bradley
    $600 23
Salma Hayek

Pat
    $600 28
a chopin

Lisa
    $2,100 3
(Alex: Good-looking guy, isn't he?)

Nosferatu

Pat
    $600 14
Boo Radley

Pat
    $800 19
(Pat: Who is Rembrandt?)

Van Gogh

BradleyPat
    $800 10
Emerson

Pat
    $800 24
"Jellybean"

Pat
    $800 29
arms

Pat
    $800 4
Blacula

Pat
    $800 15
boolean

Lisa
    $1000 20
(John) Singer Sargent

Bradley
    $1000 11
[ERRATUM: The actual quote would be "a lovely little blue-eyed creature with yellow hair".]

Becky Thatcher

Pat
    $1000 25
Laura Esquivel

Pat
    $1000 30
scruples

Triple Stumper
    $1000 5
Wolf

Lisa
    $1000 16
Bootsy Collins

Pat

Scores at the end of the Double Jeopardy! Round:

Bradley Lisa Pat
$6,500 $4,000 $12,300

[wagering suggestions for these scores]

Final Jeopardy! Round responses

AVIATION
LisaWho is Chuck Yeager?
$3,999
BradleyWho is Chuck Yeagar?
$6,500
PatWho is Chuck Yeager
$701
Chuck Yeager

Final scores:

Bradley Lisa Pat
$13,000 $7,999 $13,001
2nd place: a Caribbean cruise on Norwegian Cruise Line 3rd place: "The International" by Wittnauer Swiss watch New champion: $13,001

Game dynamics:

Coryat scores:

Bradley Lisa Pat
$6,500 $3,800 $11,800
16 R,
2 W
12 R
(including 1 DD),
1 W
28 R
(including 1 DD),
4 W
(including 1 DD)

Combined Coryat: $22,100

[game clues] [game scores] [suggest correction]

Game tape date: Unknown
The J! Archive is created by fans, for fans. Scraping, republication, monetization, and malicious use prohibited; this site may use cookies and collect identifying information. See terms. The Jeopardy! game show and all elements thereof, including but not limited to copyright and trademark thereto, are the property of Jeopardy Productions, Inc. and are protected under law. This website is not affiliated with, sponsored by, or operated by Jeopardy Productions, Inc. Join the discussion at JBoard.tv.